000 00890nam a2200253 a 4500
001 000037405
005 20200930080340.0
008 081212s2012 dr 000 0 spa d
020 _a9789945005370
040 _aDO-SdBNP
_bspa
_bBNPHU
082 _a461
_bG216o, 2012
100 1 _aGarcía Molina, Bartolo
_96
245 1 0 _aOrtografía inferencial y operativa /
_cBartolo García Molina ; prólogo Míriam Gutiérrez Pérez.
250 _a9a ed. corr. y actualizada
260 _aSanto Domingo :
_bSurco,
_c2012.
300 _a286 p. ;
_c21 cm.
500 _aIncluye biografía del autor en las solapas
504 _aBibliografía : p. 283-286
590 _aInventariado, 2018/LP
650 4 _aEspañol
_xOrtografía
_91453
650 4 _aEspañol
_xOrtografía
_xEnseñanza
_91228
700 1 2 _aGutiérrez Pérez, Míriam,
_epról.
_916500
910 _aValidado. Control de calidad MFF
999 _c36895
_d36895